000 00906nam a2200265Ia 4500
003 OSt
005 20221005112509.0
006 a|||||r|||| 00| 0
007 ta
008 221004b |||||||| |||| 00| 0 pan d
020 _a9789383437245 (hbk)
_cINR 195.00
024 _a39109
037 _b234, 17/03/2018, National Book Shop
_cTextual
040 _aCRL
_cCRL
_bpan
041 _2pan
_apan
082 _aO153,3NRAx, Q8
100 _aਲੇਖ ਰਾਜ, ਂਚ.
245 0 _aਮਹਿਕ ਮਿੱਟੀ ਦੀ
260 _aਚੰਡੀਗੜ
_bਲੋਕਗੀਤ ਪ੍ਰਕਾFਨ ਭਾਰਤ
_c2018
300 _a111ਪ0
_ccm.
650 _a ਪੰਜਾਬੀ ਕਹਾਣੀ
650 _aਪੰਜਾਬੀ ਸਾਹਿਤ
942 _hO153,3NRAx, Q8
_cTEXL
_2cc
999 _c1025064
_d1025064